Loading...
| Fine Arts - Classical Music | 2 | 15.00 | 4,050% | 450% | 450% |
| Fine Arts - Other | 2 | 5.00 | 0% | 0% | 450% |
| Fine Arts - Painting & Sculpture | 2 | 5.00 | 4,050% | 0% | 0% |
| History - American | 3 | 20.00 | 3,900% | 600% | 500% |
| History - European | 4 | 15.00 | 2,025% | 675% | 425% |
| History - Other | 3 | 10.00 | 0% | 0% | 867% |
| History - World | 3 | 10.00 | 2,700% | 0% | 567% |
| Literature - American | 6 | 11.67 | 1,667% | 300% | 383% |
| Literature - British | 1 | 10.00 | 0% | 800% | 0% |
| Literature - European | 4 | 10.00 | 2,500% | 0% | 375% |
| Literature - World | 3 | 13.33 | 5,400% | 300% | 267% |
| Mythology | 3 | 6.67 | 0% | 300% | 300% |
| Other | 5 | 10.00 | 2,900% | 180% | 280% |
| Philosophy | 5 | 10.00 | 720% | 120% | 460% |
| Religion | 4 | 10.00 | 1,600% | 625% | 0% |
| Science - Biology | 2 | 5.00 | 4,050% | 0% | 0% |
| Science - Chemistry | 5 | 16.00 | 4,520% | 520% | 320% |
| Science - Other | 2 | 5.00 | 4,050% | 0% | 0% |
| Science - Physics | 3 | 10.00 | 1,200% | 267% | 267% |
| Social Science | 3 | 13.33 | 6,600% | 300% | 0% |